00383cam a22000977a 4500008004000000082002200040100002200062245014800084260003900232300001400271180718b1970 xxu||||| |||| 00| 0 eng d aR706x71 C16/ST/16 aZaidi, Mahmood A. aTask force on labour relations, study no. 16 a study of the effects of the $1.25 minimum wage under the Canada labour codecby Mahmood A. Zaidi aOttawabPrivy Council Officec1970 axiv, 163p